000 00467nam a2200169Ia 4500
008 230917s9999||||xx |||||||||||||| ||und||
020 _cRS 595.00
040 _e5008984
_aMAIN
041 _aEnglish
082 _a330.90512 S13L
100 _aSabnavis, Madan
245 0 _aLock down or economic destruction?
260 _aNew Delhi
_bAtlantic Publishers
_c2022
300 _axxiv, 198 p.
500 _a5006 05/01/2023 TBA23/2852 17/01/2023 Main Budget
942 _cBK
999 _c8434
_d8434